Daft Punk - Something About Us Lyrics - Statistics

General Stats
  • This quiz has been taken 142 times
  • The average score is 86 of 97
Answer Stats
Lyrics % Correct
about
99%
about
99%
Some
99%
something
99%
something
99%
something
99%
us
99%
us
99%
us
99%
I
98%
I
98%
I
98%
I
98%
I
98%
I
98%
I
98%
the
97%
the
97%
the
97%
the
97%
to
93%
to
93%
It
92%
It
92%
you
92%
you
92%
you
92%
you
92%
you
92%
be
91%
be
91%
be
91%
be
91%
right
91%
right
91%
right
91%
right
91%
there's
91%
there's
91%
there's
91%
time
91%
time
91%
not
90%
not
90%
not
90%
not
90%
want
90%
want
90%
might
89%
might
89%
might
89%
might
89%
one
89%
one
89%
But
88%
But
88%
in
88%
in
88%
in
88%
in
88%
more
88%
more
88%
more
88%
more
88%
my
88%
my
88%
my
88%
my
88%
say
88%
life
86%
life
86%
life
86%
life
86%
than
86%
than
86%
than
86%
than
86%
anything
84%
anything
84%
anyway
84%
share
84%
with
84%
love
83%
between
82%
of
81%
anyone
80%
anyone
80%
kind
80%
will
80%
'Cause
78%
secret
78%
do
77%
need
77%
got
74%
miss
70%
I'll
69%
I've
65%
No matching quizzes found
Score Distribution
Percent of People with Each Score
Percentile by Number Answered
Your Score History
You have not taken this quiz